Hungary National Football Players 2025 - Statistics

General Stats
  • This quiz has been taken 17 times
  • The average score is 17 of 35
Answer Stats
Minutes Played Answer % Correct
951 Szoboszlai (C)
100%
729 Kerkez
88%
963 Orbán
88%
456 Sallai
88%
582 Dibusz
82%
735 Varga
76%
699 Bolla
71%
380 Nagy
71%
468 Tóth.A.
71%
348 Tóth Balázs
71%
17 Tóth Barna
71%
714 Négo
65%
621 Szalai.A.
65%
12 Szalai.G.
65%
463 Styles
59%
142 Dárdai.B.
47%
358 Dárdai.M.
47%
33 Szappanos
47%
78 Balogh
41%
239 Lukács
41%
520 Schäfer
41%
103 Csoboth
35%
34 Mocsi
35%
56 Osváth
35%
4 Redzic
35%
76 Vitális
35%
148 Fiola
29%
38 Gruber
24%
25 Szabó
24%
126 Gazdag
18%
156 Nikitscher
18%
112 Ötvös
18%
36 Csongvai
12%
49 Kata
6%
77 Vécsei
6%
No matching quizzes found
Score Distribution
Percent of People with Each Score
Percentile by Number Answered
Your Score History
You have not taken this quiz